=LDR 00000nam 2200000 4500 =001 INLIS000000000042320 =005 20131008015115 =008 ***********************************ind** =035 ##$$0010-101300000000242 =041 ##$$a ind =082 ##$$a 674 =090 ##$$a 674, Mak m =245 ##$$a Makhluk hidup hewan, diterjemahkan oleh Hasan Amin =260 ##$$a 1977 $b Jakarta =300 ##$$a 34 hlm., ilus, m =850 ##$$a NBPNMAT